000 00359nam a2200133Ia 4500
005 20260328104306.0
008 260328s9999||||xx |||||||||||||| ||und||
100 _aRomero, Flavio E.
245 0 _aXXV Bienal Colombiana de Arquitectura y Urbanismo 2016 /
_cFlavio E. Romero
260 _bMineducacion
300 _a423 p.
650 _aCOLOMBIA
942 _cBK
999 _c10772
_d10772